Responses for show #3902 - Tuesday, July 17, 2001

Alan Bailey game 4.

Contestants

[<< previous game]

Anthony Alford, a software engineer from Raleigh, North Carolina

Jenne Bergstrom, a library science student from Julian, California

Alan Bailey, a playwright and director from Sherman Oaks, California (whose 3-day cash winnings total $34,601)

[next game >>]

Jeopardy! Round responses

20th CENTURY STUFF
PLACES IN THE NEWS
ELVIS HITS IN OTHER WORDS
THAT'S SICK!
WHAT'S IN A NAME?
JEOPARDY! PLACE THE FINAL EPISODE
    $100 26
Oklahoma

Anthony
    $100 9
Miami

Jenne
    $100 6
"Heartbreak Hotel"

Alan
    $100 21
the mumps

Jenne
    $100 16
Henry

Jenne
    $100 1
Hall & Oates

Alan
    $500 27
Ho Chi Minh

Anthony
    $200 10
(Anthony: What is Qatar?)

Yemen

Anthony
Triple Stumper
    $200 7
"Viva Las Vegas"

Alan
    $200 22
malaria

Jenne
    $200 17
Donna

Jenne
    $200 2
hoosegow

Anthony
    $300 28
Christine

Jenne
    $300 11
Peru

Jenne
    $300 8
"Hound Dog"

Jenne
    $300 23
(Alex: Minute to go.)

scarlet fever

Alan
    $300 18
(Jenne: What is Tommy?)

Thomas

JenneAnthony
    $300 3
premeditated

Alan
    $400 29
[The end-of-round signal sounds.]

Svetlana Stalin

Alan
    $400 12
Belfast

Jenne
    $400 14
"Don't Be Cruel"

Jenne
    $400 24
chicken pox

Alan
    $400 19
Katherine

Jenne
    $400 4
Separated at Birth

Alan
    $500 13
(Anthony: What is Kosovo?)

Montenegro

AlanAnthony
    $500 15
"Return To Sender"

Jenne
    $500 25
diphtheria

Anthony
    $500 20
Wilhelmina

Alan
    $500 5
(Alex: And that brings us to the end, and it is the end, of Jeopardy! Place.)
[Applause]

Carnival

Anthony

Scores at the first commercial break (after clue 13):

Alan Jenne Anthony
$1,600 $1,100 $0

Scores at the end of the Jeopardy! Round:

Alan Jenne Anthony
$3,200 $3,000 $1,400

Double Jeopardy! Round responses

WILL SHAKESPEARE, SERIAL KILLER
AIRPORTS
PHYSICS FITNESS
MOVIE TAGLINES
ART FOR ART'S SAKE!
"HAY", THERE
    $200 17
Hamlet

Alan
    $200 5
Newark

Alan
    $200 1
E = mc2

Anthony
    $200 7
Alien

Alan
    $200 16
Rubens

Alan
    $200 22
a haymaker

Anthony
    $400 18
Cleopatra

Alan
    $400 6
Shannon

Jenne
    $400 2
gravity

Anthony
    $400 12
The Sixth Sense

Jenne
    $400 27
Georges Seurat

Triple Stumper
    $400 23
(Anthony: What is "in the haystack"?)

"under the haystack (fast asleep)"

AlanAnthony
    $600 19
Othello

Jenne
    $600 8
(Alan: What's TWA?)

Pan American

AlanAnthony
    $600 3
a pole

Anthony
    $600 13
My Best Friend's Wedding

Alan
    $600 28
(Anthony: Who is Marat?)
...
(Alex: Who is [*]?--who painted the picture of Charlotte Corday stabbing Marat.)

David

Anthony
Triple Stumper
    $600 24
(Alex: That would be California politician [*].)

Tom Hayden

Triple Stumper
    $800 20
Macbeth

Alan
    $800 10
Tom Bradley

Triple Stumper
    $800 4
Archimedes

Alan
    $2,500 14
Bonnie & Clyde

Alan
    $1,000 25
hay fever

Alan
    $1000 21
(Jenne: Who is Benvolio?)

Mercutio

AlanJenne
    $1000 11
Narita

Jenne
    $1000 9
resistance

Anthony
    $1000 15
The Blues Brothers

Jenne
    $1000 26
Haymarket

Alan

Scores at the end of the Double Jeopardy! Round:

Alan Jenne Anthony
$11,900 $5,400 $3,400
(lock game)

[wagering suggestions for these scores]

Final Jeopardy! Round responses

AT THE LIBRARY
(Alex: A good place to be!)
[ERRATUM: None of [*]'s published works fell into the 100 category (Philosophy).]
AnthonyWho is Asimov?
$3,399
JenneWho was Isaac Asimo
$1,500
AlanWho is Linus Pauling?
$1,000
Isaac Asimov

Final scores:

Alan Jenne Anthony
$10,900 $3,900 $6,799
4-day champion: $45,501 3rd place: a Fisher home theater system with stereo and 27" stereo TV 2nd place: a trip to Kona, Hawaii

Game dynamics:

Coryat scores:

Alan Jenne Anthony
$10,000 $5,400 $3,100
23 R
(including 2 DDs),
1 W
17 R,
2 W
12 R
(including 1 DD),
4 W

Combined Coryat: $18,500

The J! Archive is created by fans, for fans. The Jeopardy! game show and all elements thereof, including but not limited to copyright and trademark thereto, are the property of Jeopardy Productions, Inc. and are protected under law. This website is not affiliated with, sponsored by, or operated by Jeopardy Productions, Inc. Join the discussion at JBoard.tv.